| 000 | 00507pab a2200169 454500 | ||
|---|---|---|---|
| 008 | 180718b1999 xxu||||| |||| 00| 0 eng d | ||
| 100 | _aSengupta, Chandan | ||
| 245 | _aDynamics of community environmental management in Howrah slums | ||
| 260 | _c1999 | ||
| 300 | _ap.1292-296 | ||
| 362 | _a22 May | ||
| 650 | _aSlums - India - West Bengal | ||
| 650 | _aEnvironmental management - India - West Bengal | ||
| 650 | _aEnvironmental management | ||
| 773 | _aEconomic and Political Weekly | ||
| 909 | _a41061 | ||
| 999 |
_c41061 _d41061 |
||